Responses for Show #2248 - Wednesday, May 18, 1994

Contestants

[<< previous game]

Rosemary Demko, a gardening business owner from Sparrow Bush, New York

John Raymond, an economic development coordinator from Claremont, California

Mark Bartos, a landscape designer originally from McHenry, Illinois (whose 1-day cash winnings total $12,801)

[next game >>]

Jeopardy! Round responses

1959
THE BRITISH INVASION
FOOD
PARKS
LANGUAGES
QUOTABLE QUOTES
    $100 20
Mao

Rosemary
    $100 17
The Rolling Stones

Mark
    $100 1
molasses

Mark
    $100 6
the Eiffel Tower

Mark
    $100 8
Kazakhstan

Mark
    $100 26
Thoreau

Mark
    $200 22
Cuba

Rosemary
    $200 18
Gerry & the Pacemakers

Mark
    $200 2
veal

Mark
    $200 7
the Hudson

Rosemary
    $200 12
Italiano

Rosemary
    $200 27
kiss

Mark
    $300 23
Akihito

Mark
    $300 16
The Animals

Mark
    $300 3
eggs

Mark
    $300 9
Louisiana

Rosemary
    $300 13
Spanish

Mark
    $300 28
Lerner

Rosemary
    $400 24
Bobby Fischer

Mark
    $400 19
Herman's Hermits

John
    $400 4
oysters

Mark
    $400 10
(John: What is Manitoba?)
(Mark: What is Alberta?)
(Rosemary: What is Saskatchewan?)
(Alex: All three of you were going in the wrong direction. You had to come east to [*].)

Ontario

MarkJohnRosemary
Triple Stumper
    $400 14
Arabic

John
    $400 29
Mae West

John
    $500 25
(Margot) Fonteyn

Rosemary
    $500 21
(Rosemary: Who are Chad & Jeremy?)

Peter & Gordon

JohnRosemary
    $500 5
(Mark: What is goat cheese?)
(John: What is Monterey Jack?)

cheddar

MarkJohn
Triple Stumper
    $500 11
Teddy Roosevelt

Rosemary
    $500 15
Norwegian

Rosemary
    $500 30
time

Mark

Scores at the first commercial break (after clue 15):

Mark John Rosemary
$600 -$500 $1,300

Scores at the end of the Jeopardy! Round:

Mark John Rosemary
$2,700 $800 $1,900

Double Jeopardy! Round responses

MEDICINE
19th CENTURY AMERICA
THE OLD TESTAMENT
NONFICTION
WORLD CAPITALS
ACTORS OF THE PAST
    $200 25
the ears

John
    $200 10
(Mark: What is gold?)

silver

MarkRosemary
    $200 21
Goliath

Rosemary
    $200 11
Nixon

Rosemary
    $200 1
Budapest

Rosemary
    $200 2
Shakespeare

Rosemary
    $400 26
dogs

Mark
    $400 13
the cotton gin

Rosemary
    $400 22
Psalms

Rosemary
    $400 12
Atlantis

Mark
    $400 6
London

Mark
    $400 3
John Barrymore

Mark
    $600 28
the red cells

Rosemary
    $600 17
flogging

John
    $600 23
Nebuchadnezzar

Mark
    $600 14
(Mark: Who's Len Dayton?)

(Carl) Sagan

MarkRosemary
    $600 7
Bern

Rosemary
    $600 4
Nell Gwyn

Mark
    $800 29
Lyme disease

Rosemary
    $800 18
Mexico

Rosemary
    $800 24
(Mark: What are bracelets?)

earrings

MarkRosemary
    $800 15
James Herriot

John
    $800 8
Kiev

John
    $800 5
(Mark: Who is Edwin Booth?)

John Wilkes Booth

MarkJohn
    $1000 30
(Mark: What are the tarsals?)

the metatarsals

Mark
Triple Stumper
    $2,000 19
(Rosemary: What is Vermont?)

Rhode Island

Rosemary
    $1000 27
Naomi

Rosemary
    $1000 16
Charles Kuralt

Mark
    $1,000 9
Amman

John
    $1000 20
the Lunts (Lunt & Fontanne)

Mark

Scores at the end of the Double Jeopardy! Round:

Mark John Rosemary
$4,100 $5,000 $6,900

[wagering suggestions for these scores]

Final Jeopardy! Round responses

POETS
MarkWho is Longfellow
$299
JohnWho was Walt Longfellow
$3,201
RosemaryWho is Longfellow
$3,500
Ralph Waldo Emerson

Final scores:

Mark John Rosemary
$3,801 $1,799 $3,400
2-day champion: $16,602 3rd place: Sanyo cordless telephone answering system + Wheel of Fortune & Jeopardy! games for the Super Nintendo & Sega Genesis 2nd place: Gibson 3-piece kitchen + Regal Flavorite kitchen cooking system

Game dynamics:

Coryat scores:

Mark John Rosemary
$4,100 $5,000 $8,900
23 R,
7 W
10 R
(including 1 DD),
2 W
23 R
(including 1 DD),
3 W
(including 1 DD)

Combined Coryat: $18,000

[game clues] [game scores] [suggest correction]

Game tape date: 1994-01-19
The J! Archive is created by fans, for fans. Scraping, republication, monetization, and malicious use prohibited; this site may use cookies and collect identifying information. See terms. The Jeopardy! game show and all elements thereof, including but not limited to copyright and trademark thereto, are the property of Jeopardy Productions, Inc. and are protected under law. This website is not affiliated with, sponsored by, or operated by Jeopardy Productions, Inc. Join the discussion at JBoard.tv.